| Поле | Название | Значение |
| |
Тип записи |
a |
| |
Библиографический уровень |
a |
| 001 |
Контрольный номер |
RU/CBS_UL/BASE/9fdd89fc5f8a4775b618d36c17bf13cd |
| 005 |
Дата корректировки |
20260204112356.4 |
| 100 |
Данные общей обработки |
__ |
| a |
Данные общей обработки |
20260204 ||| 0rusy0189 ca |
| 101 |
Язык документа |
0_ |
| a |
Язык текста |
rus |
| 102 |
Страна публикации |
__ |
| a |
Страна публикации |
RU |
| 200 |
Заглавие и сведения об ответственности |
1_ |
| a |
Заглавие |
Механическому - 60! |
| e |
Сведения, относящиеся к заглавию |
[1 февраля 2026 года 60-летний юбилей отметил Ульяновский механический завод] |
| 300 |
Общие примечания |
__ |
| a |
Общие примечания |
16+ |
| 461 |
Уровень набора |
_0 |
| 1 |
|
2000 |
| a |
|
Народная газета |
| 463 |
Уровень физической единицы |
_0 |
| 1 |
|
2000 |
| a |
|
№ 5 (4 февр.) |
| v |
|
С. 4 |
| 1 |
|
2101 |
| d |
|
2026 |
| 1 |
|
001RU/CBS_UL/BASE/9f84fe831e1f4a17968cdea0a4ab948b |
| 606 |
Тематические рубрики |
0_ |
| a |
Основная рубрика |
Ульяновский механический завод |
| 610 |
Ключевые слова |
0_ |
| a |
Ключевые слова |
Ульяновский механический завод; механические заводы; заводы; промышленные предприятия; оборонные предприятия |
| 610 |
Ключевые слова |
0_ |
| a |
Ключевые слова |
УМЗ (заводы) |
| 610 |
Ключевые слова |
0_ |
| a |
Ключевые слова |
юбилеи заводов |
| 686 |
Индексы других классификаций |
__ |
| a |
Классификационный индекс |
65.30 |
| 801 |
Источник записи |
_0 |
| a |
Страна |
RU |
| b |
Организация |
МБУК ЦБС г. Ульяновска |
| c |
Дата составления |
20260204 |
| g |
Правила каталогизации |
RCR |
| 801 |
Источник записи |
_1 |
| a |
Страна |
RU |
| b |
Организация |
МБУК ЦБС г. Ульяновска |
| c |
Дата составления |
20260204 |
| g |
Правила каталогизации |
RCR |
| 901 |
Тип документа |
__ |
| t |
Тип документа |
f |
| w |
Контрольный № источника |
RU/CBS_UL/BASE/9f84fe831e1f4a17968cdea0a4ab948b |
| 909 |
Создатель записи |
__ |
| a |
Создатель записи |
mbo |